[Event "Challenge"]
[Site "http://www.queenalice.com/game.php?id=136361"]
[Date "2006.12.2"]
[Round "-"]
[White "Ginormous"]
[Black "Kentonio"]
[Result "1/2-1/2"]
[WhiteElo "1260"]
[BlackElo "1357"]

1. e4 d5 2. exd5 Qxd5 3. Nc3 Qf5 4. d4 e5 5. Nf3 f6 6. Nd5 Qd7 7. dxe5 c6 8. Nc3
Qxd1+ 9. Nxd1 f5 10. Bd3 a5 11. Nd4 Bc5 12. c3 Bxd4 13. Bf4 Bb6 14. Ne3 g6 15.
e6 Bxe6 16. Be5 Nf6 17. Bxf6 O-O 18. Bg5 Re8 19. O-O Bd8 20. Bf4 a4 21. a3 b5
22. c4 bxc4 23. Nxc4 Be7 24. Rae1 Bxc4 25. Bxc4+ Kg7 26. Be5+ Kh6 27. Bf6 Ra7
28. Re3 Bxf6 29. Rxe8 Nd7 30. Rb1 Nc5 31. Rc8 Rd7 32. h3 Ne4 33. Rxc6 Nd2 34.
Rd1 Nf3+ 35. gxf3 Rxd1+ 36. Kg2 Bxb2 37. Bb5 Rd4 38. Rc4 Rxc4 39. Bxc4 Bxa3 40.
Bb5 Bd6 41. Bxa4 Kh5 42. Bb3 Kg5 43. Bg8 h5 44. Bc4 1/2-1/2

[Event "AUTO-BEG-46"]
[Site "http://www.queenalice.com/game.php?id=136724"]
[Date "2006.12.3"]
[Round "1"]
[White "kingtaker"]
[Black "Kentonio"]
[Result "0-1"]
[WhiteElo "968"]
[BlackElo "1344"]

1. e4 d5 2. f3 e5 3. Nc3 d4 4. Nb5 c6 5. Na3 b5 6. d3 a5 7. f4 f6 8. fxe5 fxe5
9. Nf3 Bxa3 10. bxa3 a4 11. Nxe5 Nh6 12. Qh5+ Kf8 13. Bxh6 Qf6 14. Bf4 Qxf4 15.
g3 Qe3+ 16. Be2 g6 17. Nxg6+ Kg7 0-1

[Event "AUTO-BEG-46"]
[Site "http://www.queenalice.com/game.php?id=136725"]
[Date "2006.12.3"]
[Round "1"]
[White "Kentonio"]
[Black "kingtaker"]
[Result "1-0"]
[WhiteElo "1345"]
[BlackElo "968"]

1. e4 e6 2. e5 d5 3. d4 c5 4. c4 Qb6 5. Nf3 Nc6 6. cxd5 exd5 7. dxc5 Bxc5 8.
Qxd5 Bxf2+ 9. Kd1 Bg4 10. Be2 Bxf3 11. Bxf3 Rd8 12. Qxd8+ Qxd8+ 13. Bd2 Be3 14.
Re1 Bxd2 15. Re2 Be3+ 16. Nd2 Nxe5 17. Rxe3 f6 18. Rc1 1-0

[Event "AUTO-BEG-46"]
[Site "http://www.queenalice.com/game.php?id=136738"]
[Date "2006.12.3"]
[Round "1"]
[White "Kentonio"]
[Black "Exir"]
[Result "1-0"]
[WhiteElo "1374"]
[BlackElo "1137"]

1. h4 e5 2. g4 d5 3. g5 f5 4. d4 Bd6 5. Bh3 c5 6. dxe5 Bxe5 7. f4 Bd6 8. h5 Ne7
9. e3 O-O 10. b3 Nbc6 11. c3 Be6 12. Bb2 g6 13. h6 Qd7 14. Bg2 c4 15. b4 a5 16.
a3 axb4 17. cxb4 b5 18. Qd2 1-0

[Event "AUTO-BEG-46"]
[Site "http://www.queenalice.com/game.php?id=136739"]
[Date "2006.12.3"]
[Round "1"]
[White "Exir"]
[Black "Kentonio"]
[Result "0-1"]
[WhiteElo "1130"]
[BlackElo "1381"]

1. e4 d5 2. exd5 Qxd5 3. Nc3 Qe6+ 4. Nge2 a5 5. g3 Nf6 6. Bg2 Qb6 7. O-O e5 8.
d4 exd4 9. Nxd4 c6 10. Bg5 Be7 11. Bxf6 Bxf6 12. Re1+ Kf8 13. Re4 g6 14. Qd3 Kg7
15. Rae1 Bxd4 16. Qxd4+ Qxd4 17. Rxd4 Na6 18. Red1 Be6 19. Re1 Rae8 20. Rxe6
Rxe6 21. Rd7 Nc5 22. Rd4 Rhe8 0-1

[Event "AUTO-BEG-46"]
[Site "http://www.queenalice.com/game.php?id=136740"]
[Date "2006.12.3"]
[Round "1"]
[White "Kentonio"]
[Black "jimtheshaman"]
[Result "1-0"]
[WhiteElo "1293"]
[BlackElo "1167"]

1. f4 e6 2. e3 b6 3. g3 Bb7 4. Nf3 c5 5. Bg2 Nh6 6. Nh4 Qc8 7. d4 Nc6 8. d5 exd5
9. Bxd5 Nb4 10. Bxb7 Qxb7 11. O-O c4 12. a3 Qa6 13. Nf3 Qa4 14. b3 Qb5 15. axb4
Qxb4 16. Ne5 c3 17. Qxd7# 1-0

[Event "AUTO-BEG-46"]
[Site "http://www.queenalice.com/game.php?id=136741"]
[Date "2006.12.3"]
[Round "1"]
[White "jimtheshaman"]
[Black "Kentonio"]
[Result "0-1"]
[WhiteElo "1113"]
[BlackElo "1313"]

1. h4 h5 2. Nf3 e6 3. e4 d5 4. exd5 Qxd5 5. c4 Qe4+ 6. Be2 a5 7. d3 Qc6 8. Nc3
b6 9. Nd4 Qxg2 10. Rf1 Bb7 11. b4 Bxb4 12. Qd2 Bxc3 13. Qxc3 Nf6 14. Bf3 Bxf3
15. Be3 Bc6 16. Nxc6 Nxc6 17. c5 Nd5 18. Qd2 Nxe3 19. Qxe3 Nb4 20. Qd4 Nc2+ 21.
Kd1 Nxd4 22. Rc1 Qf3+ 23. Ke1 Qe2# 0-1

[Event "Let's Play Chess!"]
[Site "http://www.queenalice.com/game.php?id=141745"]
[Date "2006.12.14"]
[Round "-"]
[White "cJw314"]
[Black "Kentonio"]
[Result "1-0"]
[WhiteElo "1399"]
[BlackElo "1351"]

1. e4 d5 2. exd5 Qxd5 3. Nc3 Qd8 4. Bc4 Nf6 5. Nf3 c6 6. Ne5 e6 7. d4 c5 8. d5
b6 9. Qf3 Bb7 10. Bb5+ Ke7 11. Nc6+ Bxc6 12. dxc6 Qc7 13. Bf4 e5 14. Nd5+ Nxd5
15. Bg5+ f6 16. Qxd5 fxg5 17. Bc4 Qxc6 18. Qf7+ Kd8 19. Bd5 Qf6 20. Qb7 Bd6 21.
Qxa8 Rf8 22. O-O-O e4 23. Bc6 Rf7 24. Qxb8+ Ke7 25. Qe8# 1-0

[Event "AUTO-INT-279"]
[Site "http://www.queenalice.com/game.php?id=141937"]
[Date "2006.12.15"]
[Round "1"]
[White "Kentonio"]
[Black "CampbellMarcel"]
[Result "1-0"]
[WhiteElo "1345"]
[BlackElo "413"]

1. h4 e5 2. e4 Nf6 3. h5 Bc5 4. d3 d6 5. h6 gxh6 6. Bxh6 Ng4 7. Be2 Nxf2 8. Qd2
Nxh1 9. Qg5 Qxg5 10. Bxg5 Bxg1 11. Nc3 Bd4 12. Na4 f6 13. Bxf6 Rg8 14. Bh5+ Kd7
15. Kd2 Rxg2+ 16. Be2 Ng3 17. Re1 Nxe2 18. Rxe2 Rxe2+ 19. Kxe2 Ke6 20. Bh4 Bd7
21. Kf3 Nc6 22. Kg4 1-0

[Event "AUTO-INT-279"]
[Site "http://www.queenalice.com/game.php?id=141938"]
[Date "2006.12.15"]
[Round "1"]
[White "CampbellMarcel"]
[Black "Kentonio"]
[Result "0-1"]
[WhiteElo "598"]
[BlackElo "1372"]

1. e4 e5 2. Nf3 d6 3. Bc4 b6 4. O-O Ba6 5. Bxf7+ Kxf7 6. d3 Nf6 7. Ng5+ Ke7 8.
c4 h6 9. Nf3 Qd7 10. Nc3 Nc6 11. Nd5+ Nxd5 12. exd5 Nd4 13. Nxd4 exd4 14. Re1+
Kd8 15. Qh5 c5 16. Bf4 Be7 17. Rxe7 Qxe7 18. f3 Rf8 19. Bd2 Kc7 20. Re1 Qf7 21.
Qh4 Rae8 0-1

[Event "AUTO-INT-279"]
[Site "http://www.queenalice.com/game.php?id=141939"]
[Date "2006.12.15"]
[Round "1"]
[White "Kentonio"]
[Black "Petita39"]
[Result "0-1"]
[WhiteElo "1357"]
[BlackElo "1496"]

1. a4 d5 2. a5 a6 3. d3 c5 4. d4 e6 5. c3 Nc6 6. e3 Nxa5 7. b3 cxd4 8. cxd4 Bb4+
9. Bd2 Bxd2+ 10. Nxd2 Nf6 11. b4 Nc6 12. b5 Na7 13. Nb3 O-O 14. Nh3 Qb6 15. Qd3
h6 16. Be2 Nxb5 17. Nc5 Qd6 18. Qc2 b6 19. Bxb5 bxc5 20. dxc5 Qe5 21. O-O Bb7
22. f4 Qxe3+ 23. Qf2 Qxf2+ 24. Rxf2 axb5 25. Rxa8 Rxa8 26. Rb2 Bc6 27. Nf2 Ra1+
28. Nd1 Rxd1+ 29. Kf2 Rd4 30. Kf3 Rc4 0-1

[Event "AUTO-INT-279"]
[Site "http://www.queenalice.com/game.php?id=141940"]
[Date "2006.12.15"]
[Round "1"]
[White "Petita39"]
[Black "Kentonio"]
[Result "1-0"]
[WhiteElo "1486"]
[BlackElo "1332"]

1. d4 d5 2. c4 c6 3. Nc3 Na6 4. e3 g6 5. Nf3 Bg4 6. cxd5 cxd5 7. Bxa6 bxa6 8.
Qa4+ Qd7 9. Qxd7+ Bxd7 10. Nxd5 e6 11. Nc7+ Kd8 12. Nxa8 Bc6 13. Ne5 Ne7 14.
Nxf7+ Ke8 15. Nxh8 Bxa8 16. O-O Bg7 17. Nxg6 Nxg6 18. Bd2 Ne7 19. Rac1 Bd5 20.
a3 e5 21. dxe5 Bxe5 22. Bc3 Nc6 23. Bxe5 Nxe5 24. Rc5 1-0

[Event "AUTO-INT-279"]
[Site "http://www.queenalice.com/game.php?id=141941"]
[Date "2006.12.15"]
[Round "1"]
[White "Kentonio"]
[Black "Indira"]
[Result "1-0"]
[WhiteElo "1347"]
[BlackElo "1283"]

1. a4 e5 2. a5 Bc5 3. c3 Nc6 4. b4 Bd6 5. e3 b6 6. g3 bxa5 7. bxa5 Bb7 8. Ba3
Nxa5 9. Qa4 Bxh1 10. Bxd6 cxd6 11. Qxa5 Qxa5 12. Rxa5 Nf6 13. Be2 Bb7 14. Na3
O-O 15. Nh3 d5 16. d4 exd4 17. cxd4 1-0

[Event "AUTO-INT-279"]
[Site "http://www.queenalice.com/game.php?id=141942"]
[Date "2006.12.15"]
[Round "1"]
[White "Indira"]
[Black "Kentonio"]
[Result "0-1"]
[WhiteElo "1270"]
[BlackElo "1360"]

1. e4 e5 2. Nf3 Nc6 3. Bc4 d6 4. d3 h6 5. a3 a6 6. Nc3 g6 7. O-O h5 8. Ng5 Nh6
9. h3 h4 10. Qf3 f5 11. exf5 Bxf5 12. g4 Nd4 13. Qxb7 Bd7 14. f4 a5 15. Qe4 Rg8
16. Bxg8 Bc6 0-1

[Event "loinburger"]
[Site "http://www.queenalice.com/game.php?id=146511"]
[Date "2006.12.26"]
[Round "1"]
[White "Ginormous"]
[Black "Kentonio"]
[Result "1-0"]
[WhiteElo "1295"]
[BlackElo "1363"]

1. e4 h5 2. Nc3 h4 3. Bc4 e6 4. g3 g5 5. d4 d5 6. exd5 exd5 7. Bxd5 Bb4 8. Bxf7+
Kxf7 9. Qf3+ Ke8 10. Ne2 Bxc3+ 11. Qxc3 Nc6 12. f4 g4 13. Rg1 h3 14. d5 Qxd5 15.
Qxh8 Bf5 16. Qh5+ Qf7 17. Qg5 Rd8 18. Be3 Nb4 19. Nd4 Nxc2+ 20. Nxc2 Bxc2 21.
Qe5+ Ne7 22. Qxc7 Be4 23. Rd1 Nd5 24. Qe5+ Qe7 25. Bxa7 Ne3 26. Rxd8+ Kxd8 27.
Bxe3 Qb4+ 28. Qc3 Qxc3+ 29. bxc3 1-0

[Event "AUTO-BEG-46"]
[Site "http://www.queenalice.com/game.php?id=174269"]
[Date "2007.2.26"]
[Round "2"]
[White "sshspooky"]
[Black "Kentonio"]
[Result "1-0"]
[WhiteElo "1587"]
[BlackElo "1379"]

1. e3 h5 2. g4 h4 3. g5 g6 4. f4 f6 5. gxf6 exf6 6. Qf3 g5 7. fxg5 fxg5 8. Bc4
Nh6 9. Qh5+ Ke7 10. Qxg5+ Ke8 11. Qe5+ Qe7 12. Qxh8 d6 13. Nh3 1-0

[Event "AUTO-BEG-46"]
[Site "http://www.queenalice.com/game.php?id=174270"]
[Date "2007.2.26"]
[Round "2"]
[White "Kentonio"]
[Black "sshspooky"]
[Result "0-1"]
[WhiteElo "1387"]
[BlackElo "1579"]

1. e3 e6 2. c3 Nh6 3. Nh3 Qf6 4. f4 Qh4+ 5. g3 Qg4 6. Qxg4 Nxg4 7. b3 b6 8. Bb2
f6 9. Be2 h5 10. c4 a6 11. Bf3 c6 12. Bxg4 hxg4 0-1

[Event "AUTO-BEG-46"]
[Site "http://www.queenalice.com/game.php?id=174271"]
[Date "2007.2.26"]
[Round "2"]
[White "Hovis"]
[Black "Kentonio"]
[Result "1-0"]
[WhiteElo "1441"]
[BlackElo "1342"]

1. g3 d6 2. e4 g6 3. d4 e5 4. Bb5+ Bd7 5. a4 c6 6. Bc4 b5 7. Bxf7+ Kxf7 8. Qf3+
Nf6 9. Bg5 h6 10. Bd2 g5 11. Ne2 Bg4 12. Qb3+ d5 13. axb5 Nxe4 14. bxc6 Nxd2 15.
Qb7+ Nd7 16. Nxd2 1-0